| 000 | 00397nam a2200145Ia 4500 | ||
|---|---|---|---|
| 008 | 240624s9999 xx 000 0 und d | ||
| 041 | _aeng | ||
| 082 | _a330.015195 WOO | ||
| 100 | _aWOOLDRIDGE JEFFREY M | ||
| 245 | _aINTRODUCTORY ECONOMETRICS A MODERN APPRO | ||
| 250 | _a(5th ed.) | ||
| 260 |
_c2015 _aNew Delhi _bCengage Learning |
||
| 300 | _axxvii, : 878 : p. : cm. ; 26 | ||
| 365 |
_cRS _b31 |
||
| 999 |
_c25129 _d25129 |
||